Baker's dictionary of Christian ethics / (Record no. 9465)

MARC details
000 -LEADER
fixed length control field 00799cam a2200241Ii 4500
001 - CONTROL NUMBER
control field 2802145
003 - CONTROL NUMBER IDENTIFIER
control field OCoLC
005 - DATE AND TIME OF LATEST TRANSACTION
control field 20241126110712.0
008 - FIXED-LENGTH DATA ELEMENTS--GENERAL INFORMATION
fixed length control field 770314s1973 xxu d 000 0 eng d
020 ## - INTERNATIONAL STANDARD BOOK NUMBER
International Standard Book Number 0913686034
020 ## - INTERNATIONAL STANDARD BOOK NUMBER
International Standard Book Number 9780913686034
040 ## - CATALOGING SOURCE
Original cataloging agency NJB
Language of cataloging eng
Transcribing agency NJB
Modifying agency OCL
-- NCM
-- OCLCQ
-- OCLCG
-- TLE
-- OCLCQ
-- OCLCF
082 ## - DEWEY DECIMAL CLASSIFICATION NUMBER
Classification number 241.03
Item number BAK
090 ## - LOCALLY ASSIGNED LC-TYPE CALL NUMBER (OCLC); LOCAL CALL NUMBER (RLIN)
Classification number (OCLC) (R) ; Classification number, CALL (RLIN) (NR) BJ1199
Local cutter number (OCLC) ; Book number/undivided call number, CALL (RLIN) .B34 1973b
245 00 - TITLE STATEMENT
Title Baker's dictionary of Christian ethics /
Statement of responsibility, etc. Carl F.H. Henry, editor.
246 30 -
-- Dictionary of Christian ethics
260 ## - PUBLICATION, DISTRIBUTION, ETC.
Place of publication, distribution, etc. [S.l.] :
Name of publisher, distributor, etc. Canon Press,
Date of publication, distribution, etc. 1973.
300 ## - PHYSICAL DESCRIPTION
Extent xxv, 726 p. ;
Dimensions 25 cm.
650 #0 - SUBJECT ADDED ENTRY--TOPICAL TERM
Topical term or geographic name entry element Christian ethics
Form subdivision Dictionaries.
9 (RLIN) 14474
650 #0 - SUBJECT ADDED ENTRY--TOPICAL TERM
Topical term or geographic name entry element Social ethics
Form subdivision Dictionaries.
9 (RLIN) 16499
700 1# - ADDED ENTRY--PERSONAL NAME
Personal name Henry, Carl F. H.
Fuller form of name (Carl Ferdinand Howard),
Dates associated with a name 1913-2003,
Relator term editor.
9 (RLIN) 4020
942 ## - ADDED ENTRY ELEMENTS (KOHA)
Source of classification or shelving scheme Dewey Decimal Classification
Koha item type Reference Books
Holdings
Withdrawn status Lost status Source of classification or shelving scheme Damaged status Not for loan Home library Current Library Shelving location Date acquired Total checkouts Full call number Barcode Date last seen Copy number Price effective from Koha item type
    Dewey Decimal Classification     GRACE BIBLE COLLEGE GRACE BIBLE COLLEGE Dictionary 2023-01-16   241.03 BAK 020357 2025-05-01 c.1 2023-01-16 Reference Books
© Grace Bible College Library 2025